Sports Quiz

Random Sports Quiz

Consecutive NFC/AFC Title Game Losers Quiz Stats

Quiz not verified by Sporcle

Challenge
Share
Tweet
Embed
Score 0/13 Timer 02:00
0 Plays Today
Years they lost Answer % Correct
Lost 1992 and 1993 NFC Title GamesSan Francisco 49ers
84.1%
Lost 2001, 2002 and 2003 NFC Title GamesPhiladelphia Eagles
84.1%
Lost 1980, 1981 and 1982 NFC Title GamesDallas Cowboys
81.8%
Lost 1986 and 1987 AFC Title GamesCleveland Browns
79.5%
Lost 1980 and 1981 AFC Title GamesSan Diego Chargers
77.3%
Lost 1973, 1974 and 1975 AFC Title GamesOakland Raiders
72.7%
Lost 2009 and 2010 AFC Title GamesNew York Jets
72.7%
Lost 1978 and 1979 AFC Title GamesHouston Oilers
70.5%
Lost 1974, 1975 and 1976 NFC Title GamesLos Angeles Rams
68.2%
Lost 1968 and 1969 AFL Title Game, 1970 AFC Title Game Oakland Raiders
65.9%
Lost 1972 and 1973 NFC Title GamesDallas Cowboys
63.6%
Lost 1968 and 1969 NFL Title GamesCleveland Browns
59.1%
Lost 1970 and 1971 NFC Title GamesSan Francisco 49ers
56.8%

You're not logged in!

Compare scores with friends on all Sporcle quizzes.
Sign Up with Email
OR
Log In

You Might Also Like...

Show Comments

Extras

Top Quizzes Today


Score Distribution

Your Account Isn't Verified!

In order to create a playlist on Sporcle, you need to verify the email address you used during registration. Go to your Sporcle Settings to finish the process.